Search the Library Catalogue
| 000 -LEADER | |
|---|---|
| fixed length control field | 00931nam a2200265Ia 4500 |
| 008 - FIXED-LENGTH DATA ELEMENTS--GENERAL INFORMATION | |
| fixed length control field | 191130s2009##################000#0#eng## |
| 020 ## - INTERNATIONAL STANDARD BOOK NUMBER | |
| ISBN | 9780324590043 |
| 082 ## - DEWEY DECIMAL CLASSIFICATION NUMBER | |
| Classification number | 650.015195 AND |
| 100 ## - MAIN ENTRY--AUTHOR NAME | |
| Personal name | Anderson, David Ray |
| 245 ## - TITLE STATEMENT | |
| Title | Essentials of modern business statistics with Microsoft office Excel |
| Statement of responsibility, etc | David R. Anderson, Dennis J. Sweeney, Thomas A. Williams |
| 250 ## - EDITION STATEMENT | |
| Edition statement | 4th ed |
| 260 ## - PUBLICATION, DISTRIBUTION, ETC. (IMPRINT) | |
| Place of publication | Mason, OH |
| Name of publisher | South-Western Cengage Learning |
| Year of publication | c2009 |
| 300 ## - PHYSICAL DESCRIPTION | |
| Number of Pages | xxviii, 716 p. : col. ill. ; 26 cm |
| 500 ## - GENERAL NOTE | |
| General note | Includes bibliographical references (p. [646]-647) and index |
| 650 ## - SUBJECT ADDED ENTRY--TOPICAL TERM | |
| Topical Term | Commercial statistics |
| Topical Term | Commercial statistics - Computer programs |
| Topical Term | Microsoft Excel (Computer file) |
| 700 ## - ADDED ENTRY--PERSONAL NAME | |
| Personal name | Sweeney, Dennis J |
| Personal name | Williams, Thomas Arthur |
| 991 ## - | |
| -- | 357419 |
| Withdrawn status | Lost status | Damaged status | Not for loan | Home library | Current library | Shelving location | Date acquired | Full call number | Accession Number | Price effective from | Koha item type |
|---|---|---|---|---|---|---|---|---|---|---|---|
| Anna Centenary Library | Anna Centenary Library | 6TH FLOOR, A WING | 13.10.2020 | 650.015195 AND | 203638 | 13.10.2020 | English Books |